[Event "DEM U16 2025"]
[Site "Willingen GER"]
[Date "2025.06.11"]
[Round "5"]
[White "Kaplan, Arne"]
[Black "Sreeramulu, Aarush"]
[Result "0-1"]
[Termination "normal"]
[Board "14"]
[WhiteElo "1846"]
[BlackElo "2032"]
[WhiteClock "00:18:53"]
[BlackClock "00:16:30"]
[PlyCount "66"]
[WhiteFideId "34625194"]
[BlackFideId "34610685"]
[EventCountry "GER"]
[EventRounds "9"]
[EventType "swiss"]
[EventDate "2025.06.07"]

1. e4 {[%clk 01:30:55]} {[%emt 00:00:04]} c6 {[%clk 01:30:54]} {[%emt
00:00:06]} 2. d4 {[%clk 01:31:19]} {[%emt 00:00:06]} d5 {[%clk 01:31:19]}
{[%emt 00:00:05]} 3. f3 {[%clk 01:31:32]} {[%emt 00:00:16]} Qb6 {[%clk
01:31:44]} {[%emt 00:00:06]} 4. Nc3 {[%clk 01:31:09]} {[%emt 00:00:52]} dxe4
{[%clk 01:32:05]} {[%emt 00:00:09]} 5. fxe4 {[%clk 01:31:25]} {[%emt 00:00:13]}
e5 {[%clk 01:32:30]} {[%emt 00:00:06]} 6. Nf3 {[%clk 01:31:48]} {[%emt
00:00:07]} exd4 {[%clk 01:32:10]} {[%emt 00:00:49]} 7. Nxd4 {[%clk 01:31:08]}
{[%emt 00:01:11]} Bc5 {[%clk 01:32:19]} {[%emt 00:00:20]} 8. Na4 {[%clk
01:30:07]} {[%emt 00:01:31]} Qa5+ {[%clk 01:32:19]} {[%emt 00:00:30]} 9. c3
{[%clk 01:28:49]} {[%emt 00:01:48]} Bd6 {[%clk 01:32:01]} {[%emt 00:00:49]} 10.
Nf3 {[%clk 01:16:17]} {[%emt 00:13:01]} Be7 {[%clk 01:30:26]} {[%emt 00:02:05]}
11. b4 {[%clk 01:08:51]} {[%emt 00:07:56]} Qc7 {[%clk 01:26:22]} {[%emt
00:04:34]} 12. e5 {[%clk 00:58:48]} {[%emt 00:10:33]} Be6 {[%clk 01:23:40]}
{[%emt 00:03:12]} 13. Bf4 {[%clk 00:54:46]} {[%emt 00:04:32]} Nd7 {[%clk
01:19:40]} {[%emt 00:04:30]} 14. Nd4 {[%clk 00:54:03]} {[%emt 00:01:13]} Nf8
{[%clk 01:04:53]} {[%emt 00:15:17]} 15. Nxe6 {[%clk 00:45:04]} {[%emt
00:09:30]} Nxe6 {[%clk 01:05:03]} {[%emt 00:00:20]} 16. Bg3 {[%clk 00:45:09]}
{[%emt 00:00:24]} h5 {[%clk 01:00:49]} {[%emt 00:04:45]} 17. h4 {[%clk
00:41:21]} {[%emt 00:04:17]} b5 {[%clk 00:54:35]} {[%emt 00:06:43]} 18. Nb2
{[%clk 00:41:28]} {[%emt 00:00:24]} Nf6 {[%clk 00:52:37]} {[%emt 00:02:28]} 19.
Qf3 {[%clk 00:38:13]} {[%emt 00:03:45]} Nd5 {[%clk 00:49:19]} {[%emt 00:03:49]}
20. a4 {[%clk 00:34:55]} {[%emt 00:03:48]} O-O {[%clk 00:43:50]} {[%emt
00:05:58]} 21. Qxh5 {[%clk 00:32:40]} {[%emt 00:02:45]} Nef4 {[%clk 00:35:53]}
{[%emt 00:08:27]} 22. Qf5 {[%clk 00:30:39]} {[%emt 00:02:31]} g6 {[%clk
00:35:58]} {[%emt 00:00:26]} 23. Qe4 {[%clk 00:30:20]} {[%emt 00:00:49]} f5
{[%clk 00:34:00]} {[%emt 00:02:27]} 24. exf6 {[%clk 00:26:20]} {[%emt
00:04:30]} Bxf6 {[%clk 00:28:59]} {[%emt 00:05:32]} 25. O-O-O {[%clk 00:22:16]}
{[%emt 00:04:34]} Rae8 {[%clk 00:21:41]} {[%emt 00:07:47]} 26. Bxf4 {[%clk
00:20:59]} {[%emt 00:01:47]} Nxf4 {[%clk 00:20:06]} {[%emt 00:02:05]} 27. Qf3
{[%clk 00:21:12]} {[%emt 00:00:18]} Nd5 {[%clk 00:19:29]} {[%emt 00:01:07]} 28.
Bxb5 {[%clk 00:18:40]} {[%emt 00:03:02]} Bg5+ {[%clk 00:18:11]} {[%emt
00:01:47]} 29. hxg5 {[%clk 00:18:45]} {[%emt 00:00:25]} Rxf3 {[%clk 00:18:27]}
{[%emt 00:00:14]} 30. gxf3 {[%clk 00:19:09]} {[%emt 00:00:06]} cxb5 {[%clk
00:17:25]} {[%emt 00:01:32]} 31. Rxd5 {[%clk 00:18:20]} {[%emt 00:01:19]} Qxc3+
{[%clk 00:17:35]} {[%emt 00:00:20]} 32. Kb1 {[%clk 00:18:43]} {[%emt 00:00:07]}
Re2 {[%clk 00:16:13]} {[%emt 00:01:52]} 33. Rd8+ {[%clk 00:18:53]} {[%emt
00:00:20]} Kg7 {[%clk 00:16:30]} {[%emt 00:00:14]} 0-1

[Event "DEM U16 2025"]
[Site "Willingen GER"]
[Date "2025.06.11"]
[Round "5"]
[White "Sickmann, Lisa"]
[Black "Jung, Marcel"]
[Result "1-0"]
[Termination "normal"]
[Board "15"]
[WhiteTitle "WFM"]
[WhiteElo "1974"]
[BlackElo "1728"]
[WhiteClock "00:59:35"]
[BlackClock "00:07:05"]
[PlyCount "57"]
[WhiteFideId "16267818"]
[BlackFideId "34673881"]
[EventCountry "GER"]
[EventRounds "9"]
[EventType "swiss"]
[EventDate "2025.06.07"]

1. e4 {[%clk 01:30:59]} c5 {[%clk 01:30:52]} {[%emt 00:00:09]} 2. Nf3 {[%clk
01:31:25]} {[%emt 00:00:04]} d6 {[%clk 01:31:17]} {[%emt 00:00:04]} 3. d4
{[%clk 01:31:53]} {[%emt 00:00:03]} cxd4 {[%clk 01:31:43]} {[%emt 00:00:04]} 4.
Nxd4 {[%clk 01:32:20]} {[%emt 00:00:03]} Nf6 {[%clk 01:32:08]} {[%emt
00:00:04]} 5. Nc3 {[%clk 01:32:44]} {[%emt 00:00:06]} a6 {[%clk 01:32:34]}
{[%emt 00:00:05]} 6. Qd3 {[%clk 01:33:08]} {[%emt 00:00:06]} e5 {[%clk
01:30:26]} {[%emt 00:02:37]} 7. Nf5 {[%clk 01:32:12]} {[%emt 00:01:26]} Bxf5
{[%clk 01:22:50]} {[%emt 00:08:05]} 8. exf5 {[%clk 01:32:00]} {[%emt 00:00:44]}
d5 {[%clk 01:22:08]} {[%emt 00:01:11]} 9. Bg5 {[%clk 01:32:23]} {[%emt
00:00:06]} Bb4 {[%clk 01:20:38]} {[%emt 00:02:00]} 10. O-O-O {[%clk 01:32:03]}
{[%emt 00:00:50]} Bxc3 {[%clk 01:14:25]} {[%emt 00:06:44]} 11. Qxc3 {[%clk
01:31:38]} {[%emt 00:00:55]} Nc6 {[%clk 01:13:50]} {[%emt 00:01:05]} 12. Qc5
{[%clk 01:23:15]} {[%emt 00:08:53]} Ne7 {[%clk 01:08:52]} {[%emt 00:05:28]} 13.
Bd3 {[%clk 01:17:23]} {[%emt 00:06:23]} Rc8 {[%clk 01:01:08]} {[%emt 00:08:14]}
14. Qe3 {[%clk 01:16:56]} {[%emt 00:00:57]} Qc7 {[%clk 00:59:14]} {[%emt
00:02:23]} 15. f3 {[%clk 01:15:28]} {[%emt 00:01:58]} h6 {[%clk 00:51:29]}
{[%emt 00:08:16]} 16. Bh4 {[%clk 01:12:51]} {[%emt 00:03:07]} d4 {[%clk
00:50:07]} {[%emt 00:01:52]} 17. Qe2 {[%clk 01:10:55]} {[%emt 00:02:25]} Ned5
{[%clk 00:48:18]} {[%emt 00:02:20]} 18. Bf2 {[%clk 01:06:14]} {[%emt 00:05:12]}
Nf4 {[%clk 00:33:20]} {[%emt 00:15:27]} 19. Qd2 {[%clk 01:05:34]} {[%emt
00:01:09]} N6d5 {[%clk 00:22:14]} {[%emt 00:11:36]} 20. a3 {[%clk 00:59:45]}
{[%emt 00:06:20]} Nxg2 {[%clk 00:16:01]} {[%emt 00:06:41]} 21. Bxd4 {[%clk
00:58:35]} {[%emt 00:01:42]} exd4 {[%clk 00:13:46]} {[%emt 00:02:45]} 22. Qxg2
{[%clk 00:58:57]} {[%emt 00:00:08]} Ne3 {[%clk 00:12:43]} {[%emt 00:01:33]} 23.
Qxg7 {[%clk 00:58:34]} {[%emt 00:00:54]} Ke7 {[%clk 00:08:52]} {[%emt
00:04:21]} 24. Qxd4 {[%clk 00:58:29]} {[%emt 00:00:35]} Nxc2 {[%clk 00:07:43]}
{[%emt 00:01:38]} 25. Qe4+ {[%clk 00:58:48]} {[%emt 00:00:11]} Kf6 {[%clk
00:07:37]} {[%emt 00:00:36]} 26. Bxc2 {[%clk 00:59:10]} {[%emt 00:00:08]} Rhe8
{[%clk 00:07:54]} {[%emt 00:00:14]} 27. Qd4+ {[%clk 00:59:12]} {[%emt
00:00:27]} Ke7 {[%clk 00:06:43]} {[%emt 00:01:42]} 28. Rhe1+ {[%clk 00:59:35]}
{[%emt 00:00:06]} Kf8 {[%clk 00:07:05]} {[%emt 00:00:09]} 29. Qh8# {[%emt
00:00:05]} 1-0

[Event "DEM U16 2025"]
[Site "Willingen GER"]
[Date "2025.06.11"]
[Round "5"]
[White "Khachaturyan, Konstantin"]
[Black "Bock, Leonas"]
[Result "1-0"]
[Termination "normal"]
[Board "16"]
[WhiteElo "1800"]
[BlackElo "1659"]
[WhiteClock "00:07:48"]
[BlackClock "00:10:00"]
[PlyCount "55"]
[WhiteFideId "16239083"]
[BlackFideId "16287118"]
[EventCountry "GER"]
[EventRounds "9"]
[EventType "swiss"]
[EventDate "2025.06.07"]

1. e4 {[%clk 01:30:59]} c5 {[%clk 01:30:55]} {[%emt 00:00:05]} 2. Nf3 {[%clk
01:31:24]} {[%emt 00:00:05]} Nc6 {[%clk 01:31:21]} {[%emt 00:00:04]} 3. d4
{[%clk 01:31:51]} {[%emt 00:00:03]} cxd4 {[%clk 01:31:45]} {[%emt 00:00:06]} 4.
Nxd4 {[%clk 01:32:18]} {[%emt 00:00:03]} Nf6 {[%clk 01:32:09]} {[%emt
00:00:06]} 5. Nc3 {[%clk 01:32:44]} {[%emt 00:00:04]} e5 {[%clk 01:32:32]}
{[%emt 00:00:06]} 6. Ndb5 {[%clk 01:33:09]} {[%emt 00:00:07]} d6 {[%clk
01:32:54]} {[%emt 00:00:08]} 7. Bg5 {[%clk 01:33:33]} {[%emt 00:00:05]} a6
{[%clk 01:33:16]} {[%emt 00:00:08]} 8. Na3 {[%clk 01:33:58]} {[%emt 00:00:05]}
b5 {[%clk 01:33:41]} {[%emt 00:00:05]} 9. Nd5 {[%clk 01:34:16]} {[%emt
00:00:13]} Be7 {[%clk 01:34:03]} {[%emt 00:00:07]} 10. Bxf6 {[%clk 01:34:43]}
{[%emt 00:00:04]} Bxf6 {[%clk 01:34:25]} {[%emt 00:00:08]} 11. c4 {[%clk
01:34:54]} {[%emt 00:00:19]} b4 {[%clk 01:32:14]} {[%emt 00:02:40]} 12. Nc2
{[%clk 01:35:16]} {[%emt 00:00:08]} Rb8 {[%clk 01:29:46]} {[%emt 00:02:58]} 13.
b3 {[%clk 01:35:40]} {[%emt 00:00:06]} Bg5 {[%clk 01:28:17]} {[%emt 00:01:59]}
14. h4 {[%clk 01:28:54]} {[%emt 00:07:16]} Bh6 {[%clk 01:22:20]} {[%emt
00:06:26]} 15. Qf3 {[%clk 00:57:15]} {[%emt 00:32:10]} Be6 {[%clk 01:07:35]}
{[%emt 00:15:15]} 16. g4 {[%clk 00:53:13]} {[%emt 00:04:32]} Bf4 {[%clk
00:58:02]} {[%emt 00:10:03]} 17. g5 {[%clk 00:33:19]} {[%emt 00:20:25]} h6
{[%clk 00:51:12]} {[%emt 00:07:20]} 18. Nxf4 {[%clk 00:24:02]} {[%emt
00:09:47]} exf4 {[%clk 00:51:22]} {[%emt 00:00:20]} 19. gxh6 {[%clk 00:14:21]}
{[%emt 00:10:12]} Rxh6 {[%clk 00:50:33]} {[%emt 00:01:18]} 20. Qxf4 {[%clk
00:14:37]} {[%emt 00:00:14]} g5 {[%clk 00:43:20]} {[%emt 00:07:43]} 21. Qe3
{[%clk 00:12:58]} {[%emt 00:02:09]} Rxh4 {[%clk 00:35:32]} {[%emt 00:08:19]}
22. Rxh4 {[%clk 00:11:59]} {[%emt 00:01:29]} gxh4 {[%clk 00:35:56]} {[%emt
00:00:06]} 23. O-O-O {[%clk 00:11:22]} {[%emt 00:01:07]} Qe7 {[%clk 00:31:03]}
{[%emt 00:05:22]} 24. f4 {[%clk 00:09:21]} {[%emt 00:02:32]} Bg4 {[%clk
00:16:06]} {[%emt 00:15:27]} 25. Rd2 {[%clk 00:09:18]} {[%emt 00:00:34]} f5
{[%clk 00:12:51]} {[%emt 00:03:44]} 26. exf5 {[%clk 00:09:22]} {[%emt
00:00:26]} Bxf5 {[%clk 00:13:01]} {[%emt 00:00:20]} 27. Rxd6 {[%clk 00:08:00]}
{[%emt 00:01:52]} Rd8 {[%clk 00:10:00]} {[%emt 00:03:31]} 28. Rxc6 {[%clk
00:07:48]} {[%emt 00:00:42]} 1-0

[Event "DEM U16 2025"]
[Site "Willingen GER"]
[Date "2025.06.11"]
[Round "6"]
[White "Korchynskyi, Mykola"]
[Black "Atoyan, Alberto"]
[Result "1/2-1/2"]
[Termination "normal"]
[Board "1"]
[WhiteTitle "FM"]
[BlackTitle "CM"]
[WhiteElo "2335"]
[BlackElo "2266"]
[WhiteClock "00:36:09"]
[BlackClock "00:55:29"]
[PlyCount "29"]
[WhiteFideId "34138005"]
[BlackFideId "13314831"]
[EventCountry "GER"]
[EventRounds "9"]
[EventType "swiss"]
[EventDate "2025.06.07"]

1. e4 {[%clk 01:30:36]} {[%emt 00:00:24]} c5 {[%clk 01:29:51]} {[%emt
00:01:10]} 2. Nf3 {[%clk 01:30:58]} {[%emt 00:00:07]} e6 {[%clk 01:30:04]}
{[%emt 00:00:18]} 3. d4 {[%clk 01:30:07]} {[%emt 00:01:20]} cxd4 {[%clk
01:30:28]} {[%emt 00:00:07]} 4. Nxd4 {[%clk 01:30:33]} {[%emt 00:00:04]} Nf6
{[%clk 01:30:45]} {[%emt 00:00:13]} 5. Nc3 {[%clk 01:30:48]} {[%emt 00:00:15]}
Nc6 {[%clk 01:31:03]} {[%emt 00:00:12]} 6. Ndb5 {[%clk 01:23:39]} {[%emt
00:07:39]} Bc5 {[%clk 01:31:07]} {[%emt 00:00:26]} 7. Nd6+ {[%clk 01:17:29]}
{[%emt 00:06:40]} Ke7 {[%clk 01:31:30]} {[%emt 00:00:07]} 8. Bf4 {[%clk
01:17:56]} {[%emt 00:00:02]} e5 {[%clk 01:31:54]} {[%emt 00:00:07]} 9. Nf5+
{[%clk 01:18:22]} {[%emt 00:00:03]} Kf8 {[%clk 01:32:20]} {[%emt 00:00:05]} 10.
Bg5 {[%clk 01:18:43]} {[%emt 00:00:09]} d6 {[%clk 01:29:37]} {[%emt 00:03:13]}
11. Ne3 {[%clk 01:12:19]} {[%emt 00:06:54]} Be6 {[%clk 01:22:01]} {[%emt
00:08:05]} 12. Qd2 {[%clk 01:05:10]} {[%emt 00:07:39]} Bb4 {[%clk 01:05:03]}
{[%emt 00:17:29]} 13. Bd3 {[%clk 00:56:08]} {[%emt 00:09:32]} Nxe4 {[%clk
00:56:16]} {[%emt 00:09:16]} 14. Bxd8 {[%clk 00:44:58]} {[%emt 00:11:39]} Nxd2
{[%clk 00:55:29]} {[%emt 00:01:18]} 15. Bc7 {[%clk 00:36:09]} {[%emt 00:09:20]}
Nf3+ {[%clk 00:44:35]} {[%emt 00:11:23]} 16. gxf3 {[%clk 00:36:26]} {[%emt
00:00:12]} Rc8 {[%clk 00:45:00]} {[%emt 00:00:06]} 17. Bxd6+ {[%clk 00:32:42]}
{[%emt 00:04:15]} Bxd6 {[%clk 00:45:25]} {[%emt 00:00:05]} 18. O-O-O {[%clk
00:30:58]} {[%emt 00:02:13]} Nd4 {[%clk 00:41:08]} {[%emt 00:04:47]} 19. Be4
{[%clk 00:21:03]} {[%emt 00:10:25]} b5 {[%clk 00:37:46]} {[%emt 00:03:53]} 20.
f4 {[%clk 00:18:44]} {[%emt 00:02:48]} b4 {[%clk 00:25:42]} {[%emt 00:12:33]}
21. fxe5 {[%clk 00:14:50]} {[%emt 00:04:25]} Bxe5 {[%clk 00:25:34]} {[%emt
00:00:38]} 22. Ncd5 {[%clk 00:15:14]} {[%emt 00:00:06]} b3 {[%clk 00:18:07]}
{[%emt 00:07:58]} 23. axb3 {[%clk 00:12:08]} {[%emt 00:03:36]} Nxb3+ {[%clk
00:18:19]} {[%emt 00:00:18]} 24. Kb1 {[%clk 00:12:34]} {[%emt 00:00:04]} Nc5
{[%clk 00:18:45]} {[%emt 00:00:04]} 25. Bg2 {[%clk 00:10:20]} {[%emt 00:02:44]}
Na4 {[%clk 00:15:15]} {[%emt 00:04:00]} 26. b3 {[%clk 00:10:17]} {[%emt
00:00:32]} Nc3+ {[%clk 00:15:19]} {[%emt 00:00:27]} 27. Nxc3 {[%clk 00:10:38]}
{[%emt 00:00:09]} Bxc3 {[%clk 00:15:42]} {[%emt 00:00:06]} 28. Nd5 {[%clk
00:09:09]} {[%emt 00:01:58]} Bxd5 {[%clk 00:12:08]} {[%emt 00:04:04]} 29. Bxd5
{[%clk 00:07:45]} {[%emt 00:01:54]} g6 {[%clk 00:09:28]} {[%emt 00:03:10]} 30.
Bc4 {[%clk 00:06:55]} {[%emt 00:01:21]} Rc7 {[%clk 00:09:15]} {[%emt 00:00:43]}
1/2-1/2

[Event "DEM U16 2025"]
[Site "Willingen GER"]
[Date "2025.06.11"]
[Round "6"]
[White "Mester, Philipp"]
[Black "Schuricht, Emil Frederick"]
[Result "1/2-1/2"]
[Termination "normal"]
[Board "2"]
[BlackTitle "FM"]
[WhiteElo "2162"]
[BlackElo "2328"]
[WhiteClock "00:27:46"]
[BlackClock "00:21:07"]
[PlyCount "89"]
[WhiteFideId "34624902"]
[BlackFideId "16270185"]
[EventCountry "GER"]
[EventRounds "9"]
[EventType "swiss"]
[EventDate "2025.06.07"]

1. e4 {[%clk 01:30:59]} c6 {[%clk 01:29:56]} {[%emt 00:01:04]} 2. d4 {[%clk
01:31:24]} {[%emt 00:00:05]} d5 {[%clk 01:30:18]} {[%emt 00:00:07]} 3. exd5
{[%clk 01:31:50]} {[%emt 00:00:06]} cxd5 {[%clk 01:30:38]} {[%emt 00:00:10]} 4.
Bd3 {[%clk 01:32:11]} {[%emt 00:00:08]} Nf6 {[%clk 01:29:37]} {[%emt 00:01:31]}
5. h3 {[%clk 01:30:41]} {[%emt 00:02:00]} g6 {[%clk 01:28:37]} {[%emt
00:01:30]} 6. c3 {[%clk 01:26:55]} {[%emt 00:04:17]} Bf5 {[%clk 01:28:14]}
{[%emt 00:00:52]} 7. Bxf5 {[%clk 01:23:49]} {[%emt 00:03:36]} gxf5 {[%clk
01:27:44]} {[%emt 00:01:00]} 8. Qf3 {[%clk 01:21:27]} {[%emt 00:02:52]} e6
{[%clk 01:23:00]} {[%emt 00:05:14]} 9. g4 {[%clk 01:14:28]} {[%emt 00:07:29]}
fxg4 {[%clk 01:18:12]} {[%emt 00:05:17]} 10. hxg4 {[%clk 01:14:13]} {[%emt
00:00:46]} Be7 {[%clk 01:10:40]} {[%emt 00:08:02]} 11. Bf4 {[%clk 01:02:06]}
{[%emt 00:12:37]} Qb6 {[%clk 01:05:21]} {[%emt 00:05:49]} 12. Nd2 {[%clk
00:51:41]} {[%emt 00:10:55]} Nc6 {[%clk 00:56:01]} {[%emt 00:09:51]} 13. O-O-O
{[%clk 00:48:18]} {[%emt 00:03:53]} a5 {[%clk 00:52:31]} {[%emt 00:03:59]} 14.
Bg5 {[%clk 00:42:02]} {[%emt 00:06:46]} Nd7 {[%clk 00:51:22]} {[%emt 00:01:39]}
15. Bxe7 {[%clk 00:42:12]} {[%emt 00:00:20]} Nxe7 {[%clk 00:51:30]} {[%emt
00:00:22]} 16. Qe2 {[%clk 00:40:33]} {[%emt 00:02:09]} a4 {[%clk 00:49:03]}
{[%emt 00:02:57]} 17. a3 {[%clk 00:38:32]} {[%emt 00:02:31]} Qc7 {[%clk
00:43:18]} {[%emt 00:06:15]} 18. Nh3 {[%clk 00:35:35]} {[%emt 00:03:27]} O-O-O
{[%clk 00:42:33]} {[%emt 00:01:15]} 19. Ng5 {[%clk 00:32:36]} {[%emt 00:03:29]}
Rdf8 {[%clk 00:37:14]} {[%emt 00:05:50]} 20. Rxh7 {[%clk 00:30:30]} {[%emt
00:02:36]} Rxh7 {[%clk 00:36:22]} {[%emt 00:01:21]} 21. Nxh7 {[%clk 00:30:50]}
{[%emt 00:00:10]} Rg8 {[%clk 00:36:00]} {[%emt 00:00:52]} 22. Qf3 {[%clk
00:30:05]} {[%emt 00:01:16]} Rg7 {[%clk 00:32:03]} {[%emt 00:04:26]} 23. Nf6
{[%clk 00:28:31]} {[%emt 00:02:05]} Nc6 {[%clk 00:28:45]} {[%emt 00:03:48]} 24.
Nxd7 {[%clk 00:27:34]} {[%emt 00:01:27]} Qxd7 {[%clk 00:25:43]} {[%emt
00:03:33]} 25. Rh1 {[%clk 00:24:46]} {[%emt 00:03:17]} Nd8 {[%clk 00:19:27]}
{[%emt 00:06:46]} 26. Rh8 {[%clk 00:22:21]} {[%emt 00:02:55]} Rg6 {[%clk
00:17:22]} {[%emt 00:02:35]} 27. Qe2 {[%clk 00:20:59]} {[%emt 00:01:52]} f6
{[%clk 00:15:01]} {[%emt 00:02:51]} 28. Kb1 {[%clk 00:16:34]} {[%emt 00:04:55]}
Kc7 {[%clk 00:15:23]} {[%emt 00:00:08]} 29. f3 {[%clk 00:15:41]} {[%emt
00:01:24]} Rg7 {[%clk 00:13:39]} {[%emt 00:02:14]} 30. Qh2+ {[%clk 00:15:26]}
{[%emt 00:00:44]} Kc8 {[%clk 00:13:43]} {[%emt 00:00:26]} 31. Qh6 {[%clk
00:15:29]} {[%emt 00:00:27]} Qf7 {[%clk 00:13:00]} {[%emt 00:01:13]} 32. c4
{[%clk 00:14:25]} {[%emt 00:01:35]} Kd7 {[%clk 00:09:16]} {[%emt 00:04:13]} 33.
cxd5 {[%clk 00:12:49]} {[%emt 00:02:06]} exd5 {[%clk 00:09:45]} {[%emt
00:00:01]} 34. Qe3 {[%clk 00:09:27]} {[%emt 00:03:50]} Rh7 {[%clk 00:09:24]}
{[%emt 00:00:53]} 35. Rxh7 {[%clk 00:09:55]} {[%emt 00:00:01]} Qxh7+ {[%clk
00:09:48]} {[%emt 00:00:07]} 36. Ka2 {[%clk 00:10:00]} {[%emt 00:00:25]} Nc6
{[%clk 00:08:51]} {[%emt 00:01:27]} 37. Nb1 {[%clk 00:06:03]} {[%emt 00:04:26]}
Qc2 {[%clk 00:07:52]} {[%emt 00:01:29]} 38. Qc3 {[%clk 00:06:16]} {[%emt
00:00:18]} Qf2 {[%clk 00:07:07]} {[%emt 00:01:15]} 39. Qd3 {[%clk 00:04:15]}
{[%emt 00:02:32]} Qxd4 {[%clk 00:06:36]} {[%emt 00:01:01]} 40. Qf5+ {[%clk
00:04:23]} {[%emt 00:00:22]} Kd6 {[%clk 00:02:38]} {[%emt 00:04:27]} 41. Nc3
{[%clk 00:03:51]} {[%emt 00:01:02]} Kc5 {[%clk 00:23:32]} {[%emt 00:09:36]} 42.
Ne4+ {[%clk 00:29:29]} Kb6 {[%clk 00:23:32]} 43. Nxf6 {[%clk 00:27:46]} {[%emt
00:09:59]} Qc4+ {[%clk 00:21:07]} 44. Kb1 {[%clk 00:27:46]} Qf1+ {[%clk
00:21:07]} 45. Ka2 {[%clk 00:27:46]} 1/2-1/2

[Event "DEM U16 2025"]
[Site "Willingen GER"]
[Date "2025.06.11"]
[Round "6"]
[White "Malinowsky, Levi"]
[Black "Herrmann, Jakob"]
[Result "1-0"]
[Termination "normal"]
[Board "4"]
[WhiteTitle "CM"]
[BlackTitle "FM"]
[WhiteElo "2193"]
[BlackElo "2296"]
[WhiteClock "00:31:37"]
[BlackClock "01:02:08"]
[PlyCount "29"]
[WhiteFideId "16253094"]
[BlackFideId "16287169"]
[EventCountry "GER"]
[EventRounds "9"]
[EventType "swiss"]
[EventDate "2025.06.07"]

1. e4 {[%clk 01:30:57]} {[%emt 00:00:01]} c6 {[%clk 01:30:54]} {[%emt
00:00:05]} 2. d4 {[%clk 01:31:08]} {[%emt 00:00:21]} d5 {[%clk 01:31:19]}
{[%emt 00:00:05]} 3. e5 {[%clk 01:31:30]} {[%emt 00:00:09]} Bf5 {[%clk
01:31:42]} {[%emt 00:00:06]} 4. Nf3 {[%clk 01:31:47]} {[%emt 00:00:14]} e6
{[%clk 01:32:05]} {[%emt 00:00:07]} 5. Be2 {[%clk 01:32:12]} {[%emt 00:00:05]}
Nd7 {[%clk 01:32:31]} {[%emt 00:00:05]} 6. Nbd2 {[%clk 01:30:16]} {[%emt
00:02:31]} a5 {[%clk 01:31:56]} {[%emt 00:01:05]} 7. a4 {[%clk 01:27:55]}
{[%emt 00:02:53]} f6 {[%clk 01:31:56]} {[%emt 00:00:31]} 8. O-O {[%clk
01:05:34]} {[%emt 00:23:02]} fxe5 {[%clk 01:24:35]} {[%emt 00:08:05]} 9. dxe5
{[%clk 01:00:35]} {[%emt 00:05:38]} Bc5 {[%clk 01:23:00]} {[%emt 00:02:09]} 10.
Nb3 {[%clk 00:58:53]} {[%emt 00:02:16]} Ba7 {[%clk 01:22:42]} {[%emt 00:00:49]}
11. Nfd4 {[%clk 00:54:41]} {[%emt 00:04:56]} Nxe5 {[%clk 01:13:58]} {[%emt
00:09:30]} 12. Bh5+ {[%clk 00:50:14]} {[%emt 00:05:06]} Kf8 {[%clk 01:09:18]}
{[%emt 00:05:19]} 13. g4 {[%clk 00:45:56]} {[%emt 00:04:59]} c5 {[%clk
01:01:47]} {[%emt 00:08:15]} 14. gxf5 {[%clk 00:35:46]} {[%emt 00:10:44]} cxd4
{[%clk 01:02:08]} {[%emt 00:00:09]} 15. Bf4 {[%clk 00:31:37]} {[%emt 00:04:51]}
Nc6 {[%clk 00:53:50]} {[%emt 00:09:09]} 16. fxe6 {[%clk 00:30:54]} {[%emt
00:01:18]} g6 {[%clk 00:52:47]} {[%emt 00:01:39]} 17. Bf3 {[%clk 00:29:02]}
{[%emt 00:02:33]} Kg7 {[%clk 00:49:09]} {[%emt 00:04:21]} 18. Qd2 {[%clk
00:28:36]} {[%emt 00:00:59]} h6 {[%clk 00:46:09]} {[%emt 00:03:42]} 19. c3
{[%clk 00:27:04]} {[%emt 00:02:12]} Qf6 {[%clk 00:42:29]} {[%emt 00:04:25]} 20.
Bxd5 {[%clk 00:23:08]} {[%emt 00:04:44]} Nge7 {[%clk 00:41:47]} {[%emt
00:01:15]} 21. Bg2 {[%clk 00:22:36]} {[%emt 00:01:04]} dxc3 {[%clk 00:37:38]}
{[%emt 00:04:53]} 22. Qxc3 {[%clk 00:22:20]} {[%emt 00:00:47]} Nd4 {[%clk
00:36:20]} {[%emt 00:01:55]} 23. Nxd4 {[%clk 00:18:44]} {[%emt 00:04:26]} Bxd4
{[%clk 00:36:45]} {[%emt 00:00:04]} 24. Qc7 {[%clk 00:18:33]} {[%emt 00:00:45]}
Rhe8 {[%clk 00:28:06]} {[%emt 00:09:41]} 25. Bg3 {[%clk 00:16:12]} {[%emt
00:03:05]} Rac8 {[%clk 00:25:52]} {[%emt 00:02:54]} 26. Qxb7 {[%clk 00:15:05]}
{[%emt 00:01:44]} Rc2 {[%clk 00:26:03]} {[%emt 00:00:20]} 27. Rad1 {[%clk
00:13:48]} {[%emt 00:01:57]} Rxb2 {[%clk 00:21:42]} {[%emt 00:05:07]} 28. Qd7
{[%clk 00:13:36]} {[%emt 00:00:43]} 1-0